BIBLIOTHÈQUE DE LA MAISON DU MEXIQUE

Logo 1 Logo 2

Popocatépetl (notice nᵒ 3007)

détails MARC
000 -Sello discográfico
campo de control de longitud fija 01057nam a2200277 4500
005 - Identificación de versión
campo de control 20251016083432.0
035 ## - Otros números de control del sistema
Número de control del sistema 24427
099 ## - fechas locales
Tipo de ítem Koha LIBRO
100 ## - Datos de procesamiento general
Datos de procesamiento general 19980304d1987 m y1spay5003 ba
101 ## - Idioma del recurso
Idioma del texto, banda sonora, etc. Español; Castellano
105 ## - Campo de datos codificados: Material textual, monográfico
Datos codificados de monografía a 001zy
200 1# - Título y mención de responsabilidad
Título propio Popocatépetl
Designación general del material texto impreso
Otra información del título guía turística, deportiva e histórica
Primer mención de responsabilidad José Manuel Casanova Becerra
Declaración de responsabilidad subsiguiente aspectos biológicos Carlos Rangel Plascencia
-- aspectos geológicos Hugo Delgado Granados
210 ## - Publicación, distribución, etc.
Lugar de publicación, distribución, etc. México
Nombre del editor, distribuidor, etc. Universidad Nacional Autónoma de México, Dirección General de Actividades Deportivas y Recreativas
Fecha de publicación, distribución, etc. 1987
215 ## - Descripción física
Designación de material específico y extensión del ítem 252 p
Otras características físicas il., fot.
Dimensiones 28 cm
345 ## - Nota de información de adquisición
Fuente de adquisición/dirección de la suscripción [OBSOLETO] Donación
410 #1 - Series
Título Serie Volcanes de México
607 ## - Nombre geográfico utilizado como tema
Elemento de entrada Popocatepetl, Puebla (México)
Subdivisión temática Descripcion y viajes
-- Guias de viajeros
Número Koha 6376
660 ## - Código de área geográfica
Código MX
700 ## - Nombre personal - Responsabilidad primaria
Elemento de entrada Casanova Becerra
Parte del nombre distinta del elemento de entrada José Manuel
Número Koha 6377
702 ## - Nombre personal - Responsabilidad secundaria
Elemento de entrada Delgado Granados
Parte del nombre distinta del elemento de entrada Hugo
Número Koha 6378
702 ## - Nombre personal - Responsabilidad secundaria
Elemento de entrada Rangel Plascencia
Parte del nombre distinta del elemento de entrada Carlos
Número Koha 6379
801 #0 - Fuente de origen
Agencia cm
País FR
Reglas de catalogación (convenciones descriptivas) AFNOR
942 ## - ELEMENTOS DE ENTRADA SECUNDARIOS (KOHA)
Tipo de ítem Koha Livre
Exemplaires
Estatus retirado Estado de daño Estado de pérdida Fuente de la clasificación o esquema de estantería Fecha de adquisición Biblioteca de origen Biblioteca actual Código de barras Precio de reemplazo Signatura topográfica completa No para préstamo Tipo de ítem Koha Nota no pública
      Clasificación Decimal Dewey 25/09/2025 Casa México Paris Casa México Paris 008803 25/09/2025 913.72 C335p   Livre 751145101